banner-ar

Interior Lighting For Designers / (Record no. 66030)

MARC details
000 -الفاتح
حقل البيانات ثابتة الطول 00807nam a22002657a 4500
005 - وقت وتاريخ اخر تعامل مع التسجيلة
رقم الضبط 20240530110855.0
008 - عناصر البيانات ثابتة الطول - معلومات عامة
حقل البيانات ثابتة الطول 211005s2003 usahk f b 000 0 eng d
017 ## - رقم الايداع القانونى
المصدر ( الهيئة المختصة) مصر. دار الكتب
020 ## - الرقم الدولى المعيارى للكتب
الرقم الدولى المعيارى للكتاب 047144118X
040 ## - مصدر الفهرسة
وكالة الفهرسة الأصلية EG-CaGPL
وكالة النسخ EG-CaGPL
082 04 - رقم تصنيف ديوى العشرى
رقم الطبعة 21
رقم التصنيف 729.28/
رقم المادة G I
100 1# - المدخل الرئيسى - إسم شخصى
الإسم الشخصى Gordon, Gary
245 10 - بيان العنوان
العنوان Interior Lighting For Designers /
بيان المسئوليه,etc Gray Gorden ; Illustrations by Gregory F. Day
250 ## - بيان الطبعة
بيان الطبعة 4th ed.
260 ## - PUBLICATION, DISTRIBUTION, ETC. (IMPRINT)
تاريخ النشر أو التوزيع 2003.
300 ## - الوصف المادى
التعداد 293 p :
تفاصيل ماديه اخرى للوعاء ill. ;
أبعاد الوعاء 30 cm.
504 ## - تبصرة ببليوجرافية
تبصرة ببليوجرافية,الخ Includes bibliographical references and index
650 07 - المدخل الاضافى بالموضوع-مصطلح موضوعى
مصطلح موضوعي Lighting
650 07 - المدخل الاضافى بالموضوع-مصطلح موضوعى
مصطلح موضوعي Electric Lighting
650 07 - المدخل الاضافى بالموضوع-مصطلح موضوعى
مصطلح موضوعي Lighting Aechitectural and Decorative
651 ## - المدخل الاضافى بالموضوع - اسم جغرافى
مصدر الرأس أو المصطلح qrmak
700 1# - المدخل الاضافى - اسم شخصى
الإسم الشخصى .Day ,Gregory F
الدور Illustrator
942 ## - عناصر المدخل الإضافي( كوها)
مصدر التصنيف او مخطط الترفيف Dewey Decimal Classification
Koha [default] item type كتاب
260 ## - PUBLICATION, DISTRIBUTION, ETC. (IMPRINT)
-- New Jersey :
-- John Wiley & Sons,
Holdings
حالة التراجع حالة الفقد حالة تلف ليس للاعارة المكان المؤقت الموقع الحالى موقع الترفيف تاريخ الاكتساب اجمالي اﻻعارات رقم الطلب الباركود تاريخ اخر مشاهدة تاريخ تفعيل السعر نوع وعاء كوها
        مكتبة القاهرة الكبرى مكتبة القاهرة الكبرى   10/05/2021   729.28/ G I 167179 10/05/2021 10/05/2021 كتاب

Powered By

EGPV